<?xml version="1.0" encoding="UTF-8"?><?xml-stylesheet type="text/xsl" href="static/style.xsl"?><OAI-PMH xmlns="http://www.openarchives.org/OAI/2.0/" xmlns:xsi="http://www.w3.org/2001/XMLSchema-instance" xsi:schemaLocation="http://www.openarchives.org/OAI/2.0/ http://www.openarchives.org/OAI/2.0/OAI-PMH.xsd"><responseDate>2026-06-06T02:46:48Z</responseDate><request verb="GetRecord" identifier="oai:riuma.uma.es:10630/45555" metadataPrefix="marc">https://riuma.uma.es/rest/oai/request</request><GetRecord><record><header><identifier>oai:riuma.uma.es:10630/45555</identifier><datestamp>2026-02-19T00:45:36Z</datestamp><setSpec>com_10630_2254</setSpec><setSpec>col_10630_37956</setSpec></header><metadata><record xmlns="http://www.loc.gov/MARC21/slim" xmlns:dcterms="http://purl.org/dc/terms/" xmlns:doc="http://www.lyncode.com/xoai" xmlns:xsi="http://www.w3.org/2001/XMLSchema-instance" xsi:schemaLocation="http://www.loc.gov/MARC21/slim http://www.loc.gov/standards/marcxml/schema/MARC21slim.xsd">
   <leader>00925njm 22002777a 4500</leader>
   <datafield ind2=" " ind1=" " tag="042">
      <subfield code="a">dc</subfield>
   </datafield>
   <datafield ind2=" " ind1=" " tag="720">
      <subfield code="a">Caballero Artigas, Héctor Leví</subfield>
      <subfield code="e">author</subfield>
   </datafield>
   <datafield ind2=" " ind1=" " tag="260">
      <subfield code="c">2017</subfield>
   </datafield>
   <datafield ind2=" " ind1=" " tag="520">
      <subfield code="a">Miles de años después de la Odisea, la escritora canadiense Margaret Atwood publica una versión alternativa al mito homérico. En esta novela Penélope, la esposa fiel por antonomasia, asume el papel protagonista y nos ofrece una perspectiva del mito completamente distinta. Sin embargo, es obvio que la esposa de Odiseo no es cómo esperábamos, algo ha cambiado; está dispuesta a contar la “verdad” de lo ocurrido miles de años atrás. El presente trabajo pretende analizar la novela Penélope y las doce criadas de Margaret Atwood (The Penelopiad) con el objetivo principal de confirmar nuestra hipótesis: la Penélope que se nos presenta en la novela de Atwood es una mujer que pertenece al siglo XXI, una mujer contemporánea.</subfield>
   </datafield>
   <datafield ind1="8" ind2=" " tag="024">
      <subfield code="a">Caballero Artigas, H. L. (2017). "Desmitificación en Penélope y las doce criadas de Margaret Atwood". En Burguillos Capel, M.  (ed.), Escritoras: silencios y contracanon. 139-170. Benilde.</subfield>
   </datafield>
   <datafield ind1="8" ind2=" " tag="024">
      <subfield code="a">https://hdl.handle.net/10630/45555</subfield>
   </datafield>
   <datafield tag="653" ind2=" " ind1=" ">
      <subfield code="a">Penélope (Personaje mitológico) - En la literatura</subfield>
   </datafield>
   <datafield tag="653" ind2=" " ind1=" ">
      <subfield code="a">Atwood, Margaret (1929-) - Crítica e interpretación</subfield>
   </datafield>
   <datafield ind2="0" ind1="0" tag="245">
      <subfield code="a">Desmitificación en "Penélope y las doce criadas" de Margaret Atwood</subfield>
   </datafield>
</record>
</metadata></record></GetRecord></OAI-PMH>